Eötvös és Kemény.

Elmentve itt :
Bibliográfiai részletek
Szerző: Bodnár Zsigmond
Adatforrás:Philobibl
Dokumentumtípus: Könyv
Nyelv:magyar
Megjelent: Bp. Pátria. 1905
LEADER 00286nam a2200109 c 4500
001 bibDOK00024159
005 20200924121832.1
008 060518s1905 hu hun
100 1 |a Bodnár Zsigmond 
245 1 0 |a Eötvös és Kemény.  |c Bodnár Zsigmond 
260 |a Bp.  |b Pátria.  |c 1905 
300 |a 323 p. p.